000 00584 a2200193 4500
001 066420
003 OSt
005 20210928115305.0
008
082 _a004.65
_bN79C
100 1 _aDavis, Rob
245 1 _aComponent based network system engineering
_cby Rob Davis, Mark Norris and Alan Pengelly
260 _aBoston
_bArtech House
_c2000
300 _a380p.
690 _aSystems engineering; Component software; Computer networks; Computer network architectures
700 _aNorris, Mark
700 _aPengelly, Alan
942 _2ddc
_cBK
999 _c476
_d476